000 00196 a2200097 4500
020 _a9789929633018
041 _aspa
100 _aMarti ,Jose
245 _aPoema La niਠde guatemala
942 _cBK
999 _c10572
_d10572